[Event "FIDE WCC 2018"]
[Site "Khanty-Mansiysk"]
[Date "2018.11.06"]
[Round "2.1"]
[White "Muzychuk, Mariya"]
[Black "Atalik, Ekaterina"]
[Result "0-1"]
[WhiteElo "2545"]
[BlackElo "2445"]
[Annotator "TA"]
[PlyCount "244"]
[EventDate "2018.11.03"]
[EventType "k.o."]
[EventCountry "RUS"]
[SourceTitle "playchess.com"]
[Source "ChessBase"]
[SourceQuality "1"]

{[%evp 27,244,30,24,17,31,30,40,33,41,37,43,25,28,40,19,11,64,43,35,31,35,41,47,0,0,0,0,0,0,0,0,-15,-18,-8,-8,-8,-8,-8,-13,-18,-8,0,0,-96,-88,-77,-8,-216,-187,-172,-175,-194,-191,-184,-152,-152,-120,-196,-86,-210,-164,-170,-181,-178,-171,-170,-156,-177,-177,-159,-35,-36,-36,-39,-39,-39,-37,-94,-39,-177,-159,-151,-159,-289,-282,-282,-282,-282,-282,-12826,-12827,-12838,-12840,-12841,-12827,-12813,-11579,-7528,0,-11189,-9989,-12815,-11158,-4125,-1031,-12848,-12798,-29946,-29948,-29951,-29953,-29950,-29952,-29958,-29950,-29956,-29950,-29950,-12847,-29948,-29948,-29947,-12850,-29948,-29945,-5742,-5734,-29953,-29953,-29955,-29956,-29957,-29955,-29953,-29955,-29954,-29955,-29950,-29950,-29955,-29956,-29956,-29957,-29961,-29962,-29960,-29962,-29960,-29961,-29960,-29961,-29961,-29964,-29962,-29964,-29965,-29965,-29965,-29966,-29965,-29957,-29958,0,-29956,-29958,-29949,-29955,-29968,-29969,-29970,-29971,-29972,-29974,-29973,-29975,-29950,-29976,-29976,-29977,-29975,-29977,-29977,-29978,-29979,-29980,-29980,-29981,-29981,-29980,-29982,-29977,-29983,-29984,-29984,-29985,-29985,-29986,-29986,-29987,-29987,-29988,-29988,-29989,-29989,-29990,-29990,-29991,-29991,-29990,-29992,-29993,-29993,-29994,-29994,-29995,-29995,-29996,-29996,-29997]} 1. e4 c6 2. d4 d5 3. Nc3 dxe4 4. Nxe4 Bf5 5. Ng3 Bg6 6. h4 h6 7. Nf3 e6 8. Ne5 Bh7 9. Bd3 Bxd3 10. Qxd3 Nd7 {B19: Classical Caro-Kann: 4...Bf5 main line} 11. f4 (11. Bf4 Nxe5 12. Bxe5 Qa5+ 13. c3 Nf6 14. O-O Ng4 15. Rad1 Nxe5 16. dxe5 Rd8 17. Qxd8+ Qxd8 18. Rxd8+ Kxd8 {1-0 (67) Sutovsky,E (2633)-Shankland,S (2722) Batumi 2018}) 11... Bb4+ 12. c3 Bd6 13. Bd2 Ngf6 14. O-O-O O-O {LiveBook: 7 Games} 15. Qf3 Qa5 16. Kb1 Qd5 17. c4 $146 ({Predecessor:} 17. Qe2 b5 18. Rhe1 {0-1 (45) Papp,P (2325)-Dvirnyy,D (2572) Reykjavik 2016}) 17... Qxf3 ({Not} 17... Qxd4 $2 18. Bc3 $18) 18. gxf3 Rfd8 19. Ba5 b6 20. Bc3 Rac8 21. Rhg1 Bf8 (21... Ne8 $11) 22. d5 (22. h5 {with more complications.} Nh7 23. Ne4 Nhf6 24. Ng4 Kh7 25. Ngxf6+ Nxf6 26. Nxf6+ gxf6 27. d5) 22... cxd5 23. Nxd7 Nxd7 ({Don't play} 23... Rxd7 $6 24. Bxf6 Rxc4 25. Nh5 $16) 24. cxd5 exd5 25. Rxd5 Nc5 26. Rxd8 Rxd8 27. Nh5 {[%cal Rh5g7]} Ne6 28. f5 Nd4 {[#]} 29. Nxg7 $1 {[%mdl 512]} Ne2 (29... Bxg7 30. f6) 30. Ne6+ Nxg1 31. Nxd8 $11 {[%mdl 4096] Endgame KBN-KBN} Be7 32. Nc6 Bxh4 33. Nxa7 Bf2 34. Nc6 h5 35. Ne5 (35. Kc2 $1 $11) 35... Ne2 $1 $17 {[%mdl 1024] Hoping for ...Bg3. Black has strong compensation.} 36. Bd2 Bd4 (36... f6 $1 $17 {[%cal Rf6e5]} 37. Nd3 Bg3) 37. Nc6 $2 (37. Ng4 $1 $11 {and White is okay.}) 37... Bf6 38. Be1 h4 39. Bxh4 Bxh4 40. Kc2 Nf4 41. a4 Nd5 42. b4 (42. Kd3 $17) 42... Ne7 (42... Kg7 $19 {is more deadly.} 43. a5 bxa5 44. bxa5 Kf6) 43. Nd4 (43. Ne5 $17) 43... Bf2 44. Kd3 Kg7 45. Nb5 Nc6 46. Kc4 Be1 47. Nc7 {intending Nd5.} Nxb4 48. Kb5 Nd3 ({Black should try} 48... Kf6 $17 {Threatens to win with ...Ke7.} 49. Kxb6 Kxf5) 49. Kxb6 $15 Ne5 {...Kf6 is the strong threat.} 50. Nd5 $1 Nc4+ 51. Kc5 Nd2 52. f4 (52. f6+ $15 Kg6 53. Kb5) 52... Ne4+ (52... Nb3+ $17 53. Kc4 Na5+ 54. Kb5 Bd2) 53. Kd4 (53. Kc6 $1 $15) 53... Nd6 54. f6+ Kg6 55. Ke5 {[#]} (55. Kc5 $17 Ne4+ 56. Kd4 Nxf6 57. Ne7+ Kg7 58. Nc6) 55... Nc4+ $1 $19 56. Ke4 Nb2 57. Ke5 Nxa4 58. f5+ $2 {[#]} (58. Ne7+ Kh7 59. Kf5) 58... Kh7 $1 59. Kd6 Nc3 60. Ne3 Ne4+ 61. Ke5 Nc5 62. Kd6 Ne4+ 63. Ke5 Ng5 64. Kd6 Bb4+ 65. Kd7 Ne4 66. Nd5 Ba3 67. Ke8 Nd6+ 68. Kf8 Kh6 69. Ke7 Kg5 70. Nb6 Kxf5 71. Nd5 Kg6 72. Nf4+ Kh7 (72... Kg5 $142 73. Nd5 Bc5 74. Kd7 Ne4 75. Kc6 Nxf6 76. Nc3 Bb4 77. Ne2 Ne4 78. Nc1 f5 79. Kd5 Nf6+ 80. Kc4 Bd6 81. Kd3 Kg4 82. Ke2 f4 83. Kf1 f3 84. Nd3 Ne4 85. Kg1 Bc5+ 86. Kf1 Bd4 87. Ke1 Kg3 88. Kf1 Bf2 89. Nxf2 Nxf2 90. Ke1 Ng4 91. Kd2 Kg2 92. Kd3 f2 93. Ke4 f1=Q 94. Kd5 Qb5+ 95. Kd6 Qe5+ 96. Kd7 Qf6 97. Kc8 Ne5 98. Kc7 Qc6+ 99. Kb8 Nd7+ 100. Ka7 Qb6+ 101. Ka8 Qb8#) 73. Nd5 Kg8 74. Kd7 Ne4 75. Ke8 Bc5 76. Kd7 Bd4 77. Ke7 Bb2 78. Ne3 Bxf6+ 79. Ke8 Bg5 80. Nf5 Nf6+ 81. Ke7 Nd5+ 82. Kd7 Bf4 83. Ke8 Ne3 84. Nd4 Kg7 85. Nc6 Bg5 86. Kd7 Nc4 87. Nd4 Kg6 88. Kc6 Be3 89. Nb5 f5 {[%cal Bf7f5,Bf5f4][%mdl 32]} 90. Kd5 Nd2 91. Ke5 Kg5 92. Nc3 f4 93. Nd5 Nc4+ 94. Ke4 Nd2+ $2 (94... Nd6+ {mates} 95. Kf3 Nc4 96. Ke4 Bd2 97. Kf3 Kf5 98. Nc7 Ne5+ 99. Ke2 Bb4 100. Nd5 f3+ 101. Kd1 Ba5 102. Ne3+ Ke4 103. Nf1 Kd3 104. Kc1 f2 105. Kd1 Bc7 106. Kc1 Nc4 107. Kb1 Bf4 108. Ka1 Kc3 109. Ng3 Bxg3 110. Ka2 Bh4 111. Ka1 Kb3 112. Kb1 f1=Q#) 95. Kd3 $2 {[%mdl 8192]} (95. Ke5 $11 Kg4 96. Nxf4 Bxf4+ 97. Kd5) 95... Nf1 {Black mates.} 96. Ke2 Ng3+ 97. Kd3 Ba7 98. Nxf4 Kxf4 99. Kc4 Ke4 100. Kb5 Kd5 101. Ka6 Bc5 102. Kb7 Ne4 103. Kc7 Nf6 {[%cal Be4f6,Bf6e8,Be8c7,Bc7d5,Bd5e7,Be7c6,Bc6e5][%mdl 32]} 104. Kb7 Ne8 105. Kb8 Kc6 106. Ka8 Nc7+ 107. Kb8 Bd4 108. Kc8 Ba7 109. Kd8 Nd5 110. Ke8 Kd6 111. Kf7 Ne7 112. Kg7 Be3 {[%cal Ba7e3,Be3f4,Bf4g5][%mdl 32]} 113. Kf6 Bf4 114. Kf7 Bg5 115. Ke8 Nc6 116. Kf7 Ne5+ 117. Ke8 Ke6 {[%cal Bd6e6,Be6d7,Bd7e7][%mdl 32]} 118. Kf8 Kd7 119. Kg7 Ke7 120. Kg8 Bh6 121. Kh7 Bf8 122. Kg8 Ng4 {Precision: White = 43%, Black = 59%.} 0-1

[Event "FIDE WCC 2018"]
[Site "Khanty-Mansiysk"]
[Date "2018.11.06"]
[Round "2.1"]
[White "Kosteniuk, Alexandra"]
[Black "Ni, Shiqun"]
[Result "1/2-1/2"]
[WhiteElo "2543"]
[BlackElo "2436"]
[Annotator "TA"]
[PlyCount "87"]
[EventDate "2018.11.03"]
[EventType "k.o."]
[EventCountry "RUS"]
[SourceTitle "playchess.com"]
[Source "ChessBase"]
[SourceQuality "1"]

{[%evp 18,87,37,29,45,20,30,0,20,13,32,-27,-14,-15,-14,-21,0,-36,0,-30,-20,-29,-19,-20,-20,-18,-16,-24,-8,-32,-6,-7,0,-12,-14,-11,8,0,0,-16,0,-25,-2,-22,-4,-15,-12,-20,0,-12,0,-19,0,-10,0,-14,-22,-24,0,-4,-4,-9,-4,-8,0,0,0,-8,0,0,0,-14]} 1. e4 e5 2. Nf3 Nf6 3. Nxe5 d6 4. Nf3 Nxe4 5. Nc3 Nxc3 6. dxc3 Be7 7. Be3 Nc6 8. Qd2 Be6 9. O-O-O {C42: Petroff Defence: 3 Nxe5 and unusual White 3rd moves} Qd7 10. h3 {LiveBook: 11 Games} (10. c4 Bf6 11. Bg5 Qe7 12. Qf4 Ne5 13. Be2 Ng6 14. Qd2 h6 15. Bxf6 Qxf6 16. Nd4 O-O {1-0 (33) Grischuk,A (2766)-Duda,J (2737) chess.com INT 2018}) 10... Ne5 ({Avoid the trap} 10... Bxa2 $2 11. b3 $18) 11. Be2 $146 {White is slightly better.} ({Predecessor:} 11. Nxe5 dxe5 12. Qxd7+ Bxd7 13. Bc4 {½-½ (13) Grosar,A (2417)-Cigan,S (2386) Murska Sobota 2008}) 11... Qa4 12. a3 $1 Nc4 13. Bxc4 Qxc4 14. Qd4 ({Better is} 14. b3 $14 Qa6 15. Kb2) 14... O-O 15. Qxc4 Bxc4 16. Nd4 Bf6 17. Rhe1 (17. b3 $5 {[%cal Rb3c4]} Bd5 18. f3 $11) 17... Rfe8 18. g4 Bxd4 (18... h6 {looks sharper.} 19. b3 Ba6 20. Kb2 b6 21. a4 Bb7) 19. Rxd4 Bb5 20. c4 Bc6 21. Kd2 a5 22. h4 {[%cal Bh3h4,Bh4h5,Bh5h6][%mdl 32]} Re6 23. Rg1 Rae8 24. g5 b6 25. h5 Bf3 26. h6 g6 27. Rf4 Be4 28. Kc3 Bf5 29. b3 Kf8 30. Rd4 Ke7 31. Rd2 Re4 32. Bd4 Re6 33. Rg3 Re4 34. Rg1 Re6 35. Kb2 Re4 36. Rg3 Kd7 37. Re3 Kc6 38. Rxe4 {The position is equal.} Rxe4 $11 {[%mdl 4096] Endgame KRB-KRB} 39. Kc3 Re8 40. Be3 Ra8 41. Kb2 Re8 42. Kc3 Ra8 43. Rd1 Re8 44. Rd2 {Precision: White = 38%, Black = 13%.} 1/2-1/2

[Event "FIDE WCC 2018"]
[Site "Khanty-Mansiysk"]
[Date "2018.11.06"]
[Round "2.1"]
[White "Dzagnidze, Nana"]
[Black "Lei, Tingjie"]
[Result "1/2-1/2"]
[WhiteElo "2516"]
[BlackElo "2457"]
[Annotator "TA"]
[PlyCount "58"]
[EventDate "2018.11.03"]
[EventType "k.o."]
[EventCountry "RUS"]
[SourceTitle "playchess.com"]
[Source "ChessBase"]
[SourceQuality "1"]

{[%evp 20,58,0,0,0,0,0,0,8,7,8,6,11,0,18,0,0,0,0,0,2,2,5,3,6,2,13,6,16,0,0,0,0,0,12,0,8,0,0,0,0]} 1. c4 e6 2. Nf3 d5 3. b3 Nf6 4. Bb2 Be7 5. g3 O-O 6. Bg2 b6 7. O-O Bb7 8. e3 c5 9. Nc3 Qc8 {A14: English Opening: 1...e6 with b3 by White} 10. cxd5 (10. Rc1 Rd8 11. cxd5 Nxd5 12. Nxd5 Bxd5 13. d4 a5 14. dxc5 bxc5 15. Nh4 Bxg2 16. Qg4 Bf8 17. Nxg2 {½-½ (64) Artemiev,V (2706)-Kramnik,V (2779) Douglas 2018}) 10... Nxd5 11. Nxd5 {LiveBook: 3 Games. The position is equal.} Bxd5 12. d3 Rd8 13. Qe2 {[#]} Qa6 $146 ({Predecessor:} 13... Nd7 14. Rac1 Qa6 15. Rc2 Bf6 16. e4 Bc6 17. e5 {½-½ (71) Miroshnichenko,E (2606)-Atalik,S (2538) chess.com INT 2018}) 14. Rfd1 Nd7 15. e4 Bc6 16. Qe3 Qb7 17. h4 Bf6 18. Bxf6 Nxf6 19. Ne5 Qc7 20. Nxc6 Qxc6 21. d4 cxd4 22. Rxd4 e5 23. Rc4 Qd7 24. Rac1 Rac8 25. Bf1 Rxc4 26. Rxc4 h6 27. Be2 Rc8 28. Kg2 Rxc4 29. Bxc4 Qc6 {Precision: White = 49%, Black = 68%.} 1/2-1/2

[Event "FIDE WCC 2018"]
[Site "Khanty-Mansiysk"]
[Date "2018.11.06"]
[Round "2.1"]
[White "Gunina, Valentina"]
[Black "Ushenina, Anna"]
[Result "1/2-1/2"]
[WhiteElo "2497"]
[BlackElo "2440"]
[Annotator "TA"]
[PlyCount "53"]
[EventDate "2018.11.03"]
[EventType "k.o."]
[EventCountry "RUS"]
[SourceTitle "playchess.com"]
[Source "ChessBase"]
[SourceQuality "1"]

{[%evp 23,53,19,8,4,9,0,15,0,6,3,6,0,0,0,0,0,29,28,39,5,9,2,0,1,1,0,0,0,0,-4,0,0]} 1. d4 d5 2. c4 e6 3. Nf3 Nf6 4. g3 dxc4 5. Bg2 c5 6. O-O Nc6 7. dxc5 Qxd1 8. Rxd1 Bxc5 9. Nbd2 c3 10. bxc3 O-O 11. Nb3 Be7 12. c4 Bd7 {LiveBook: 75 Games} 13. Bf4 {E04: Open Catalan: 5 Nf3} (13. Bb2 Rfd8 14. Nfd4 Rac8 15. Nb5 b6 16. Nd6 Bxd6 17. Rxd6 Be8 18. Rxd8 Nxd8 19. Rc1 Bc6 20. c5 Bxg2 21. Kxg2 {½-½ (30) Cheparinov,I (2710)-Anand,V (2782) Riadh 2017}) 13... Rac8 {[#]} 14. Rac1 $146 ({Predecessor:} 14. c5 Rfd8 15. Rac1 Nd5 16. Bd2 b6 17. Bf1 bxc5 18. Nxc5 Bxc5 19. Rxc5 Nd4 20. Rdc1 Nxf3+ 21. exf3 Rxc5 22. Rxc5 {½-½ (48) Stefanova,A (2509)-Tan,Z (2504) Huaian 2016}) 14... Rfd8 15. Nfd4 Nxd4 16. Rxd4 Bc6 17. Bxc6 Rxc6 18. Rxd8+ Bxd8 19. Nd4 Rc8 20. c5 Nd5 21. Bd2 Kf8 {The position is equal.} 22. c6 bxc6 23. Nxc6 Bb6 24. a4 {[%cal Ba2a4,Ba4a5][%mdl 32]} Ke8 25. a5 Bd8 $1 26. Kf1 Ne7 27. Nxa7 1/2-1/2

[Event "FIDE WCC 2018"]
[Site "Khanty-Mansiysk"]
[Date "2018.11.06"]
[Round "2.1"]
[White "Stefanova, Antoaneta"]
[Black "Saduakassova, Dinara"]
[Result "1/2-1/2"]
[WhiteElo "2490"]
[BlackElo "2474"]
[Annotator "TA"]
[PlyCount "126"]
[EventDate "2018.11.03"]
[EventType "k.o."]
[EventCountry "RUS"]
[SourceTitle "playchess.com"]
[Source "ChessBase"]
[SourceQuality "1"]

{[%evp 22,126,15,12,26,33,29,26,31,19,72,81,212,209,261,217,195,201,244,43,45,41,54,47,69,50,25,37,39,42,58,49,49,50,47,59,48,-31,104,107,101,102,110,109,108,104,100,89,114,108,156,156,133,101,167,151,168,28,28,8,8,8,8,5,8,8,8,8,8,8,21,8,8,0,0,0,0,0,0,0,0,0,0,0,0,0,0,0,0,0,0,0,0,0,0,0,0,0,0,0,0,0,0,0,0,0,0]} 1. d4 Nf6 2. c4 e6 3. g3 d5 4. Nf3 Be7 5. Bg2 O-O 6. O-O dxc4 7. Qc2 b5 8. a4 {E05: Open Catalan: 5 Nf3 Be7} b4 9. Nfd2 c6 10. Nxc4 Qxd4 11. Rd1 Qc5 12. Nbd2 {[%cal Bb1d2,Bd2f1,Bf1e3][%mdl 32] LiveBook: 11 Games} Rd8 (12... Ng4 $2 13. Ne4 $18) 13. b3 Ba6 (13... Ng4 $2 14. Ne4 $18) 14. Bb2 Nbd7 15. Rac1 {[%mdl 1024] White has compensation.} Qh5 (15... Rac8 $11) (15... Rac8) 16. Bf3 $146 ({Don't play} 16. Bxc6 Rac8 $11) 16... Ng4 {[#]} (16... Qc5 $16 {was called for.}) 17. Nf1 $1 $18 Bf6 18. Nce3 Nxe3 19. Nxe3 (19. Bxh5 Nxc2 20. Rxc2 Bxb2 $15) 19... Qa5 20. Bxf6 $2 (20. Bxc6 $18 Rac8 21. Bxf6 gxf6 22. Qb2) 20... Nxf6 $14 21. Rxd8+ Qxd8 22. Rd1 Qc7 23. Qxc6 Qxc6 24. Bxc6 Rc8 25. Bf3 {Black must now prevent Rd6.} Kf8 26. Rd6 Rc1+ 27. Kg2 Bc8 28. Nc4 $1 {Hoping for Rd8+.} Nd7 29. a5 (29. Rd4 $14) 29... Rc3 {[#]} (29... Ke7 $15 {keeps the upper hand.} 30. Rc6 Kd8) 30. Rc6 $1 $36 {[%cal Rc6c8][%mdl 2048] Keeping Black busy.} Bb7 31. Rc7 Bxf3+ 32. exf3 Ne5 33. Rxa7 Nxc4 34. bxc4 Rxc4 {[%mdl 4096] Endgame KR-KR} 35. Rb7 b3 36. Rxb3 Ra4 37. Rb5 Ke7 (37... g5 $16 38. Rb8+ (38. Rxg5 f5 $16) 38... Ke7) 38. h4 f5 39. h5 ({Better is} 39. Rb7+ $18 Kf6 40. Ra7) 39... Kf6 $11 40. f4 g5 {The position is equal.} 41. hxg6 hxg6 42. Kf3 Ra2 43. Ke3 {And now Kd4 would win.} g5 $1 44. fxg5+ Kxg5 45. Re5 Ra3+ 46. Kd4 {Strongly threatening Kc4.} Kg4 47. Kc4 {Kb5 is the strong threat.} Ra2 48. Kb3 Rxf2 49. a6 ({Don't take} 49. Rxe6 $6 Kxg3 50. a6 Rd2 $16) 49... Rd2 50. a7 Rd8 51. Rxe6 Kxg3 52. Rg6+ Kf4 53. Ra6 Ra8 $1 54. Kc4 {Black should prevent Kd4.} Ke5 55. Kc5 f4 {[%cal Bf5f4,Bf4f3,Bf3f2][%mdl 32]} 56. Kb6 f3 57. Kb7 Rxa7+ 58. Rxa7 {KR-KP} f2 59. Ra1 {aiming for Rf1.} Ke4 60. Kc6 Ke3 61. Kd5 Ke2 62. Ra2+ Ke1 63. Ra1+ Ke2 {Precision: White = 62%, Black = 53%.} 1/2-1/2

[Event "FIDE WCC 2018"]
[Site "Khanty-Mansiysk"]
[Date "2018.11.06"]
[Round "2.1"]
[White "Khotenashvili, Bela"]
[Black "Harika, Dronavalli"]
[Result "1/2-1/2"]
[WhiteElo "2477"]
[BlackElo "2498"]
[Annotator "TA"]
[PlyCount "127"]
[EventDate "2018.11.03"]
[EventType "k.o."]
[EventCountry "RUS"]
[SourceTitle "playchess.com"]
[Source "ChessBase"]
[SourceQuality "1"]

{[%evp 14,127,7,0,31,27,14,-9,0,-7,4,0,0,0,17,19,13,23,16,19,24,8,8,0,17,17,12,6,16,17,17,14,18,18,18,14,15,12,9,10,8,4,6,6,6,0,0,0,0,0,0,-6,-6,-7,0,0,0,0,0,0,0,0,0,0,7,0,0,0,0,0,0,0,0,0,0,0,0,0,0,0,0,0,0,0,0,0,0,0,0,0,0,0,0,0,0,-4,0,0,0,0,0,0,0,0,0,0,0,0,0,0,0,0,0,0,0,0]} 1. d4 Nf6 2. Bg5 g6 3. Bxf6 exf6 4. e3 d5 5. c4 dxc4 6. Bxc4 Bd6 {D00: 1 d4 d5: Unusual lines} 7. Nc3 c6 8. Nf3 {LiveBook: 7 Games} Qe7 9. h3 $146 ({Predecessor:} 9. O-O O-O 10. a3 Nd7 11. b4 f5 12. Qb3 Nb6 13. Bd3 {0-1 (41) Anton Guijarro,D (2631)-Cheparinov,I (2682) Dubai 2014}) 9... O-O 10. a3 Nd7 11. O-O Nb6 12. Bd3 Be6 13. Ne4 c5 14. dxc5 Bxc5 15. Nxc5 Qxc5 16. Nd4 (16. Rc1 {is interesting.} Qe7 17. Nd4 Rac8 18. Re1 f5 19. Be2) 16... Rfd8 17. Nxe6 (17. Qd2 {feels hotter.} f5 18. Rfd1 Qe7 19. Rac1 Bd5 20. g3) 17... fxe6 {The position is equal.} 18. Qe2 Qe7 19. Rac1 Rac8 20. Be4 Rxc1 21. Rxc1 Nc8 22. Bb1 Nd6 23. Ba2 Kg7 24. Qg4 e5 25. Qe6 Qxe6 26. Bxe6 $11 {[%mdl 4096] Endgame KRB-KRN} Ne8 27. e4 Kf8 28. Bd5 b6 29. h4 Ke7 30. f3 f5 31. Rc6 Rd6 32. Rc8 Nf6 33. Bb7 f4 34. Rc2 h6 35. Bc8 a5 36. Kf2 Kd8 37. Ba6 g5 38. hxg5 hxg5 39. g4 Nd7 40. Rc8+ Ke7 41. Ke1 Nc5 42. Bc4 Nd3+ 43. Bxd3 Rxd3 {KR-KR} 44. Ke2 Re3+ 45. Kf2 Rb3 46. Rc2 Kd6 47. Ke2 a4 48. Kf2 b5 49. Ke2 b4 50. axb4 Rxb4 51. Kd2 Rb5 52. Kd3 Rb7 (52... Rb3+ {with more complications.} 53. Ke2 Kd7 54. Kf2 Ke6 55. Rc6+ Ke7) 53. Kd2 Rb8 54. Ke1 Rh8 55. Rc4 Rh3 56. Ke2 Rh2+ 57. Kd3 Rxb2 {[#] aiming for ...a3.} 58. Rxa4 Kc5 59. Kc3 Rf2 60. Ra5+ Kd6 61. Kc4 Rc2+ 62. Kd3 Rf2 63. Kc4 Rc2+ 64. Kd3 {Precision: White = 72%, Black = 71%.} 1/2-1/2

[Event "FIDE WCC 2018"]
[Site "Khanty-Mansiysk"]
[Date "2018.11.06"]
[Round "2.1"]
[White "Abdumalik, Zhansaya"]
[Black "Zhao, Xue"]
[Result "1/2-1/2"]
[WhiteElo "2473"]
[BlackElo "2478"]
[Annotator "TA"]
[PlyCount "57"]
[EventDate "2018.11.03"]
[EventType "k.o."]
[EventCountry "RUS"]
[SourceTitle "playchess.com"]
[Source "ChessBase"]
[SourceQuality "1"]

{[%evp 24,57,25,29,49,18,13,16,25,29,25,15,14,0,7,5,8,9,9,14,10,16,29,21,37,12,38,0,1,0,0,0,0,0,0,0]} 1. e4 e5 2. Nf3 Nf6 3. Nxe5 d6 4. Nf3 Nxe4 5. Nc3 Nxc3 6. dxc3 Be7 7. Be3 Nc6 8. Qd2 Be6 9. O-O-O {C42: Petroff Defence: 3 Nxe5 and unusual White 3rd moves} Qd7 10. Kb1 (10. c4 Bf6 11. Bg5 Qe7 12. Qf4 Ne5 13. Be2 Ng6 14. Qd2 h6 15. Bxf6 Qxf6 16. Nd4 O-O {1-0 (33) Grischuk,A (2766)-Duda,J (2737) chess.com INT 2018}) 10... a6 11. h4 h6 12. Nd4 Nxd4 13. Bxd4 {LiveBook: 30 Games} Rg8 14. h5 c5 15. Be3 $1 Qa4 $146 ({Predecessor:} 15... O-O-O 16. f3 Qc6 {½-½ (67) Alboredo,J (2174)-Ni,S (2427) Aracaju 2018}) 16. b3 Qa5 17. c4 Qxd2 18. Rxd2 O-O-O 19. Be2 d5 20. cxd5 Rxd5 21. Bc4 Re5 22. Bxe6+ Rxe6 23. Rhd1 b6 24. a4 a5 25. c4 Bg5 {The position is equal.} 26. Bxg5 hxg5 27. Rd5 f6 28. R1d2 Rge8 29. Kc2 {Precision: White = 64%, Black = 60%.} 1/2-1/2

[Event "FIDE WCC 2018"]
[Site "Khanty-Mansiysk"]
[Date "2018.11.06"]
[Round "2.1"]
[White "Socko, Monika"]
[Black "Alinasab, Mobina"]
[Result "0-1"]
[WhiteElo "2463"]
[BlackElo "2236"]
[Annotator "TA"]
[PlyCount "68"]
[EventDate "2018.11.03"]
[EventType "k.o."]
[EventCountry "RUS"]
[SourceTitle "playchess.com"]
[Source "ChessBase"]
[SourceQuality "1"]

{[%evp 24,68,0,-6,22,-63,-51,-43,-12,-135,-99,-112,-114,-105,-111,-106,-85,-100,-105,-122,-99,-132,-152,-156,-147,-152,-161,-267,-262,-239,-150,-168,-160,-274,-218,-233,-200,-290,-261,-320,-316,-353,-339,-340,-353,-1347,-7549]} 1. d4 d5 2. c4 dxc4 3. e3 Nf6 4. Nf3 a6 5. Bxc4 b5 6. Bb3 Bb7 7. O-O e6 8. a4 b4 9. Nbd2 Nbd7 10. Qe2 c5 11. Rd1 Be7 {D29: Queen's Gambit Accepted: Classical main line: 7 Qe2 with early ...Nbd7} 12. e4 {[%cal Be3e4,Be4e5][%mdl 32]} (12. Nc4 O-O 13. Bd2 Bd5 14. Rac1 Qc7 15. Be1 Rac8 16. Ncd2 Qb7 17. Bc4 Bxc4 18. Nxc4 Rfd8 19. Na5 Qb6 20. Nc4 Qb7 21. Na5 Qb6 22. Nc4 Qb7 {½-½ (22) Li,C (2732)-Ponomariov,R (2694) Riadh 2017}) 12... cxd4 13. e5 {LiveBook: 5 Games} Nd5 {And now ...Nf4 would win.The position is equal.} 14. Ne4 (14. Nxd4 $11 Qc7 15. Nc4) 14... Qb8 15. Ng3 {[#]} d3 $146 {[%mdl 512]} ({Predecessor:} 15... Nc5 16. Nxd4 Nxb3 17. Nxb3 O-O 18. Na5 Rc8 19. Qg4 {½-½ (62) Quintiliano Pinto,R (2308)-Zampronha,W (2159) Sao Paulo 2013}) 16. Qe1 (16. Rxd3 $11 {was the only way to keep the balance.} Nc5 17. Bxd5 Bxd5 18. Rxd5 exd5 19. Nf5) 16... O-O 17. Bc4 Nc5 18. Bxd3 Nxd3 19. Rxd3 Rc8 $36 {[%mdl 2048] Black is in control.} 20. Ne4 a5 21. Bg5 Bf8 22. Rc1 h6 {[%cal Bh7h6,Bh6h5][%mdl 32]} 23. Bd2 Ba6 24. Rd4 Qb6 25. g4 (25. h3 {keeps fighting.}) 25... Rxc1 $19 26. Bxc1 Be7 27. g5 h5 28. Ng3 (28. Qd1 $17 {was necessary.}) 28... g6 29. Ne4 Rc8 30. Rd1 (30. Be3 $142 Qc6 31. Qd1) 30... Bb7 31. h3 Rc2 32. Rd2 Qc7 33. Rxc2 Qxc2 34. Qd2 $2 {[#]} (34. Nd6 Ba8 35. Qf1) 34... Qxe4 {Precision: White = 23%, Black = 78%.} 0-1

[Event "FIDE WCC 2018"]
[Site "Khanty-Mansiysk"]
[Date "2018.11.06"]
[Round "2.1"]
[White "Tokhirjonova, Gulrukhbegim"]
[Black "Tan, Zhongyi"]
[Result "1/2-1/2"]
[WhiteElo "2435"]
[BlackElo "2513"]
[Annotator "TA"]
[PlyCount "132"]
[EventDate "2018.11.03"]
[EventType "k.o."]
[EventCountry "RUS"]
[SourceTitle "playchess.com"]
[Source "ChessBase"]
[SourceQuality "1"]

{[%evp 15,132,21,31,16,6,5,27,18,11,13,31,11,8,0,8,0,0,0,0,-17,-16,-16,-10,-6,-4,-18,-5,-11,-10,-19,-18,-37,-27,-37,-22,-35,-18,-29,-24,-34,0,0,0,0,0,0,0,0,0,0,0,0,0,-7,0,0,0,0,0,0,0,-28,-26,-58,-2,-8,0,0,0,0,0,0,0,0,0,0,0,0,0,-8,0,0,0,0,0,0,0,0,0,0,0,0,0,0,0,0,0,0,0,0,0,0,0,0,0,-8,0,0,0,0,0,0,0,0,0,0,0,0,0]} 1. e4 e5 2. Nf3 Nf6 3. Nxe5 d6 4. Nf3 Nxe4 5. Nc3 Nxc3 6. dxc3 Nc6 7. Be3 {C42: Petroff Defence: 3 Nxe5 and unusual White 3rd moves} Be7 8. Bc4 Be6 {LiveBook: 3 Games} 9. Qe2 $146 {White is slightly better.} ({Predecessor:} 9. Bxe6 fxe6 10. Qd3 Qd7 11. O-O-O O-O-O 12. c4 Kb8 13. Rhe1 Bf6 14. Qa3 h6 {0-1 (33) Grischuk,A (2766)-Duda,J (2737) chess.com INT 2018}) 9... Qd7 10. O-O-O O-O 11. h4 Bxc4 12. Qxc4 Qe6 13. Qxe6 fxe6 14. Ng5 e5 15. c4 Nd4 16. Ne4 Nf5 17. Bg5 h6 18. Bxe7 Nxe7 19. f3 b6 20. Kd2 Rf4 21. h5 Raf8 22. a4 a5 23. c3 Kf7 24. Ke2 Ke6 25. Rh3 Ng8 26. Rg3 Kf7 27. Rh1 Nf6 (27... Ne7 {looks sharper.} 28. b3 Nc6 29. Nf2 Nd8 30. Nd3 Re8) 28. Nxf6 gxf6 $11 {[%mdl 4096] Endgame KRR-KRR} 29. b3 Rf5 30. Ke3 Rg5 31. Rxg5 fxg5 {KR-KR} 32. g3 Ke6 33. Ke4 c6 34. Rd1 Rd8 35. Ke3 Rd7 36. Rb1 Ra7 37. Rc1 Rg7 38. Rb1 g4 39. b4 gxf3 (39... Rg5 $1 $15) 40. Kxf3 {The position is equal.} Ra7 41. bxa5 Rxa5 42. Rxb6 Rxa4 43. Rxc6 {[#] Hoping for c5.} Kd7 44. Rb6 {And now c5! would win.} Rxc4 45. Rb7+ Ke6 46. Rh7 Rxc3+ 47. Kf2 e4 {...Rf3+ is the strong threat.} 48. Rxh6+ Ke5 49. Rg6 Rc2+ 50. Ke3 Rc3+ (50... d5 $5 51. Rg5+ $8 Kd6 $11) 51. Kd2 Ra3 52. h6 d5 {[%cal Bd6d5,Bd5d4][%mdl 32]} 53. h7 Ra2+ 54. Kc3 d4+ 55. Kc4 Rc2+ 56. Kb3 Rh2 57. Rg5+ Ke6 58. Rg4 {Black must now prevent Rh4.} Rxh7 59. Rxe4+ Kd5 60. Re8 Rh2 61. g4 $1 Rg2 {[#]} 62. g5 $1 {[%mdl 512]} Rxg5 63. Kc2 Rg3 64. Kd2 Kc4 {White should prevent ...Rg2+.} 65. Rc8+ Kd5 66. Rd8+ Kc4 {Precision: White = 65%, Black = 58%.} 1/2-1/2